| 000 | 00728nam a2200217 i 4500 | ||
|---|---|---|---|
| 001 | 89473 | ||
| 003 | ES-MaACL | ||
| 005 | 20250712063124.0 | ||
| 007 | t| | ||
| 008 | 050111q1930 fr ||||1| fre d | ||
| 100 | 1 |
_aLanson, Gustave, _d1857-1934 _970098 |
|
| 245 | 1 | 4 |
_aLes essais de Montaigne _b: étude et analyse / _cpar Gustave Lanson. |
| 260 |
_aParís : _bMellotée, _c[1930?] |
||
| 300 |
_a384 p. ; _c19 cm. |
||
| 490 | 1 | _aLes chefs-d'oeuvre de la litterature expliqués | |
| 600 | 0 | 4 |
_aMontaigne, Michel de- _xCrítica e interpretación. _982330 |
| 830 | 0 |
_aLes chefs-d'oeuvre de la litterature expliqués _9184115 |
|
| 852 |
_aES-MaACL _jB-5882 |
||
| 852 |
_aES-MaACL _jA-2288 |
||
| 999 |
_c89473 _d89473 |
||